California Cities - Statistics

General Stats
  • This quiz has been taken 34 times
  • The average score is 16 of 23
Answer Stats
Letter City / Town % Correct
A Adelanto / Agoura Hills / Alameda / Albany / Alhambra / Aliso Viejo / Alturas / Amador City / American Canyon / Anaheim / Anderson / Angels Camp / Antioch / Apple Valley / Arcadia / Arcata / Arroyo Grande / Artesia / Arvin / Atascadero / Atherton / Atwater / Auburn / Avalon / Avenal / Azusa
96%
L La Cañada Flintridge / La Habra / La Habra Heights / La Mesa / La Mirada / La Palma / La Puente / La Quinta / La Verne / Lafayette / Laguna Beach / Laguna Hills / Laguna Niguel / Laguna Woods / Lake Elsinore / Lake Forest / Lakeport / Lakewood / Lancaster / Larkspur / Lathrop / Lawndale / Lemon Grove / Lemoore / Lincoln / Lindsay / Live Oak / Livermore / Livingston / Lodi / Loma Linda / Lomita / Lompoc / Long Beach / Loomis / Los Alamitos / Los Altos / Los Altos Hills / Los Angeles / Los Banos / Los Gatos / Loyalton / Lynwood
96%
S Sacramento / Salinas / San Anselmo / San Bernardino / San Bruno / San Carlos / San Clemente / San Diego / San Dimas / San Fernando / San Francisco / San Gabriel / San Jacinto / San Joaquin / San Jose / San Juan Bautista / San Juan Capistrano / San Leandro / San Luis Obispo / San Marcos / San Marino / San Mateo / San Pablo / San Rafael / San Ramon / Sand City / Sanger / Santa Ana / Santa Barbara / Santa Clara / Santa Clarita / Santa Cruz / Santa Fe Springs / Santa Maria / Santa Monica / Santa Paula / Santa Rosa / Santee / Saratoga / Sausalito / Scotts Valley / Seal Beach / Seaside / Sebastopol / Selma / Shafter / Shasta Lake / Sierra Madre / Signal Hill / Simi Valley / Solana Beach / Soledad / Solvang / Sonoma / Sonora / South El Monte / South Gate / South Lake Tahoe / South Pasadena / South San Francisco / St. Helena / Stanton / Stockton / Suisun City / Sunnyvale / Susanville / Sutter Creek
96%
B Bakersfield / Baldwin Park / Banning / Barstow / Beaumont / Bell / Bell Gardens / Bellflower / Belmont / Belvedere / Benicia / Berkeley / Beverly Hills / Big Bear Lake / Biggs / Bishop / Blue Lake / Blythe / Bradbury / Brawley / Brea / Brentwood / Brisbane / Buellton / Buena Park / Burbank / Burlingame
89%
F Fairfax / Fairfield / Farmersville / Ferndale / Fillmore / Firebaugh / Folsom / Fontana / Fort Bragg / Fort Jones / Fortuna / Foster City / Fountain Valley / Fowler / Fremont / Fresno / Fullerton
89%
C Calabasas / Calexico / California City / Calimesa / Calipatria / Calistoga / Camarillo / Campbell / Canyon Lake / Capitola / Carlsbad / Carmel-by-the-Sea / Carpinteria / Carson / Cathedral City / Ceres / Cerritos / Chico / Chino / Chino Hills / Chowchilla / Chula Vista / Citrus Heights / Claremont / Clayton / Clearlake / Cloverdale / Clovis / Coachella / Coalinga / Colfax / Colma / Colton / Colusa / Commerce / Compton / Concord / Corcoran / Corning / Corona / Coronado / Corte Madera / Costa Mesa / Cotati / Covina / Crescent City / Cudahy / Culver City / Cupertino / Cypress
86%
M Madera / Malibu / Mammoth Lakes / Manhattan Beach / Manteca / Maricopa / Marina / Martinez / Marysville / Maywood / McFarland / Mendota / Menifee / Menlo Park / Merced / Mill Valley / Millbrae / Milpitas / Mission Viejo / Modesto / Monrovia / Montague / Montclair / Monte Sereno / Montebello / Monterey / Monterey Park / Moorpark / Moraga / Moreno Valley / Morgan Hill / Morro Bay / Mount Shasta / Mountain View / Murrieta
86%
P Pacific Grove / Pacifica / Palm Desert / Palm Springs / Palmdale / Palo Alto / Palos Verdes Estates / Paradise / Paramount / Parlier / Pasadena / Paso Robles / Patterson / Perris / Petaluma / Pico Rivera / Piedmont / Pinole / Pismo Beach / Pittsburg / Placentia / Placerville / Pleasant Hill / Pleasanton / Plymouth / Point Arena / Pomona / Port Hueneme / Porterville / Portola / Portola Valley / Poway
86%
R Rancho Cordova / Rancho Cucamonga / Rancho Mirage / Rancho Palos Verdes / Rancho Santa Margarita / Red Bluff / Redding / Redlands / Redondo Beach / Redwood City / Reedley / Rialto / Richmond / Ridgecrest / Rio Dell / Rio Vista / Ripon / Riverbank / Riverside / Rocklin / Rohnert Park / Rolling Hills / Rolling Hills Estates / Rosemead / Roseville / Ross
86%
O Oakdale / Oakland / Oakley / Oceanside / Ojai / Ontario / Orange / Orange Cove / Orinda / Orland / Oroville / Oxnard
82%
E East Palo Alto / Eastvale / El Cajon / El Centro / El Cerrito / El Monte / El Segundo / Elk Grove / Emeryville / Encinitas / Escalon / Escondido / Etna / Eureka / Exeter
79%
V Vacaville / Vallejo / Ventura / Vernon / Victorville / Villa Park / Visalia / Vista
71%
N Napa / National City / Needles / Nevada City / Newark / Newman / Newport Beach / Norco / Norwalk / Novato
68%
H Half Moon Bay / Hanford / Hawaiian Gardens / Hawthorne / Hayward / Healdsburg / Hemet / Hercules / Hermosa Beach / Hesperia / Hidden Hills / Highland / Hillsborough / Hollister / Holtville / Hughson / Huntington Beach / Huntington Park / Huron
64%
I Imperial / Imperial Beach / Indian Wells / Indio / Industry / Inglewood / Ione / Irvine / Irwindale / Isleton
64%
T Taft / Tehachapi / Tehama / Temecula / Temple City / Thousand Oaks / Tiburon / Torrance / Tracy / Trinidad / Truckee / Tulare / Tulelake / Turlock / Tustin / Twentynine Palms
64%
W Walnut / Walnut Creek / Wasco / Waterford / Watsonville / Weed / West Covina / West Hollywood / West Sacramento / Westlake Village / Westminster / Westmorland / Wheatland / Whittier / Wildomar / Williams / Willits / Willows / Windsor / Winters / Woodlake / Woodland / Woodside
64%
D Daly City / Dana Point / Danville / Davis / Del Mar / Del Rey Oaks / Delano / Desert Hot Springs / Diamond Bar / Dinuba / Dixon / Dorris / Dos Palos / Downey / Duarte / Dublin / Dunsmuir
57%
G Galt / Garden Grove / Gardena / Gilroy / Glendale / Glendora / Goleta / Gonzales / Grand Terrace / Grass Valley / Greenfield / Gridley / Grover Beach / Guadalupe / Gustine
50%
Y Yorba Linda / Yountville / Yreka / Yuba City / Yucaipa / Yucca Valley
50%
U Ukiah / Union City / Upland
36%
J Jackson / Jurupa Valley
32%
K Kerman / King City / Kingsburg
21%
No matching quizzes found
Score Distribution
Percent of People with Each Score
Percentile by Number Answered
Your Score History
You have not taken this quiz